Washington Huskies Drafted Since 2013 - Statistics

General Stats
  • This quiz has been taken 20 times
  • The average score is 24 of 37
Answer Stats
Year Pick Position Team Answer % Correct
2017 R2P36 Safety Arizona Cardinals Budda Baker
100%
2020 R4P122 Quarterback Indianapolis Colts Jacob Eason
100%
2022 R1P21 Cornerback Kansas City Chiefs Trent McDuffie
100%
2018 R1P12 Defensive Tackle Tampa Bay Buccaneers Vita Vea
100%
2022 R4P105 Tight End Tampa Bay Buccaneers Cade Otton
93%
2018 R2P44 Wide Reciever San Francisco 49ers Dante Pettis
93%
2017 R1P9 Wide Reciever Cincinnati Bengals John Ross
93%
2019 R7P234 Running Back Miami Dolphins Myles Gaskin
93%
2019 R2P61 Safety Los Angeles Rams Taylor Rapp
93%
2019 R5P142 Linebacker Seattle Seahawks Ben Burr-Kirven
87%
2019 R2P52 Tight End Cincinnati Bengals Drew Sample
87%
2019 R4P134 Defensive Tackle Los Angeles Rams Greg Gaines
87%
2015 R1P25 Linebacker Carolina Panthers Shaq Thompson
87%
2018 R4P120 Tight End Seattle Seahawks Will Dissly
87%
2019 R2P33 Cornerback Arizona Cardinals Byron Murphy
80%
2021 R3P100 Cornerback Tennessee Titans Elijah Molden
80%
2017 R2P33 Cornerback Green Bay Packers Kevin King
80%
2022 R2P39 Cornerback Chicago Bears Kyler Gordon
80%
2017 R2P43 Cornerback Philadelphia Eagles Sidney Jones
80%
2019 R1P31 Offensive Tackle Atlanta Falcons Kaleb McGary
73%
2020 R5P160 Center Cleveland Browns Nick Harris
73%
2015 R1P12 Defensive Takle Cleveland Browns Danny Shelton
60%
2021 R1P32 Outside Linebacker Tampa Bay Buccaneers Joe Tryon-Shoyinka
60%
2015 R1P18 Cornerback Kansas City Chiefs Marcus Peters
60%
2014 R2P38 Tight End Tampa Bay Buccaneers Austin Seferian-Jenkins
53%
2014 R2P54 Running Back Tennessee Titans Bishop Sankey
53%
2013 R1P22 Cornerback Atlanta Falcons Desmond Trufant
47%
2021 R2P41 Defensive Tackle Detroit Lions Levi Onwuzurike
47%
2022 R5P171 Center Denver Broncos Luke Wattenberg
40%
2018 R6P216 Linebacker Oakland Raiders Azeem Victor
33%
2015 R2P44 Linebacker New Orleans Saints Hau'oli Kikaha
27%
2019 R5P172 Cornerback Atlanta Falcons Jordan Miller
27%
2018 R6P217 Linebacker Denver Broncos Keishawn Bierria
27%
2017 R6P214 Defensive Tackle Philadelphia Eagles Elijah Qualls
20%
2016 R7P236 Running Back Tennessee Titans Dwayne Washington
13%
2016 R6P220 Linebacker Pittsburgh Steelers Travis Feeney
13%
2021 R5P166 Cornerback Carolina Panthers Keith Taylor
7%
No matching quizzes found
Score Distribution
Percent of People with Each Score
Percentile by Number Answered
Your Score History
You have not taken this quiz